Hagamos el amor y mucho más / (Record no. 186209)

MARC details
000 -LEADER
campo de control de longitud fija 01004nam a2200241 i 4500
001 - NÚMERO DE CONTROL
campo de control 186209
003 - IDENTIFICADOR DE NÚMERO DE CONTROL
campo de control ES-MaACL
005 - FECHA Y HORA DE LA ÚLTIMA TRANSACCIÓN
campo de control 20231201120044.0
008 - DATOS DE LONGITUD FIJA--INFORMACIÓN GENERAL
campo de control de longitud fija 160919s2010 xxuac |||| |dspa d
020 ## - NÚMERO INTERNACIONAL ESTÁNDAR DEL LIBRO
Número Internacional Estándar del Libro 145365254X
080 ## - NÚMERO DE LA CLASIFICACIÓN DECIMAL UNIVERSAL
Número de la Clasificación Decimal Universal 821.134.2(729.1)-1"19"
100 1# - ENTRADA PRINCIPAL--NOMBRE DE PERSONA
Nombre de persona Conte Agüero, Luis.
9 (RLIN) 40271
245 10 - MENCIÓN DEL TÍTULO
Título Hagamos el amor y mucho más /
Mención de responsabilidad, etc. Luis Conte Agüero ; [prólogo, Paulina Fátima].
260 ## - PUBLICACIÓN, DISTRIBUCIÓN, ETC.
Lugar de publicación, distribución, etc. Miami, Florida :
Nombre del editor, distribuidor, etc. Printed Fine Arts,
Fecha de publicación, distribución, etc. 2010.
300 ## - DESCRIPCIÓN FÍSICA
Extensión 168 p. :
Otras características físicas il. ;
Dimensiones 26 cm.
505 8# - NOTA DE CONTENIDO CON FORMATO
Nota de contenido con formato Contiene: ;
Título Ateneo de Madrid [recorte de prensa, 5 jun. 1975] ;
-- Poesía cubana en el Ateneo de Madrid /
Mención de responsabilidad por Humberto Piñera
700 1# - ENTRADA AGREGADA--NOMBRE PERSONAL
Nombre de persona Piñera, Humberto.
9 (RLIN) 92267
852 ## - LOCALIZACIÓN
Ubicación ES-MaACL
Número de control de estantería A-13788
Nota libre Dedicatoria autógrafa del autor
itemnumber 193264
Sublocalización o colección R.151156
Ubicación en estantería Depósito 1
Signatura antigua Olim: N-6788
Anotaciones manuscritas Dedicatoria autógrafa del autor
Donativo/Legado Donación: Luis Conde Agüero
903 ## - NOMBRE PERSONAL DE DONANTE
9 40271
a Conte Agüero, Luis
e Donante
942 ## - ELEMENTOS DE ENTRADA SECUNDARIOS (KOHA)
Fuente del sistema de clasificación o colocación Clasificación decimal universal
Tipo de ítem Koha Libro impreso
Holdings
Estatus retirado Estado de pérdida Fuente del sistema de clasificación o colocación Estado de daño No para préstamo Colección Biblioteca de origen Biblioteca actual Ubicación en estantería Fecha de adquisición Fuente de adquisición Total de préstamos Signatura topográfica completa Código de barras Visto por última vez Precio de reemplazo Tipo de ítem Koha Nota pública
    Clasificación decimal universal     Libros con dedicatorias Biblioteca del Ateneo de Madrid Biblioteca del Ateneo de Madrid Depósito 1 19/09/2016 Donación   A-13788 1196323 23/02/2023 23/02/2023 Libro impreso Dedicatoria autógrafa del autor